000 00447nam a2200145 i 4500
001 39915
003 ES-MaACL
007 t|
008 030304s1953 sp ||||1| spa d
100 1 _aCandell, Reinaldo.
_934460
245 1 0 _aGalvanostegia
_b: guía práctica del galvanotécnico /
_cReinaldo Candell.
260 _aBarcelona :
_bSintes,
_c[1953] (
_fFernando Soler Queralt)
300 _a208 p. ;
_c18 cm.
852 _aES-MaACL
_jC-6137
_bR.35148
999 _c39915
_d39915